| 000 | 00873cam a2200289 a 4500 | ||
|---|---|---|---|
| 008 | |||
| 020 | _a9781849967266 (pbk.) | ||
| 049 | _aMAIN | ||
| 090 |
_aRD549 _bMOD |
||
| 245 | 0 | 0 |
_aModern hip resurfacing / _cedited by Derek J.W. McMinn. |
| 260 |
_aLondon : _bSpringer, _cc2010. |
||
| 300 |
_axvi, 430 p. : _bill. ; _c28 cm. |
||
| 500 | _aIncludes index. | ||
| 504 | _aIncludes bibliographical references. | ||
| 650 | 1 | 2 |
_aArthroplasty, Replacement, Hip _xmethods. |
| 650 | 2 | 2 | _aHip Prosthesis. |
| 650 | 0 |
_aHip joint _xSurgery. |
|
| 650 | 0 |
_aHip joint _xEffect of implants on. |
|
| 650 | 0 | _aTotal hip replacement. | |
| 650 | 0 | _aArtificial hip joints. | |
| 700 | 1 | _aMcMinn, Derek. | |
| 907 |
_a.b10384091 _b26-09-17 _c26-09-17 |
||
| 003 | |||
| 005 | 20230120204223.0 | ||
| 040 | _cNUST | ||
| 942 |
_cBOOKS _kRD549 _mMOD |
||
| 999 |
_c119298 _d119298 |
||